Statystyki dla Quiz o Ekipie #1

Kliknij tutaj aby rozwiązać quiz!

Ogólne statystyki

  • Ten quiz został rozwiązany 119 razy
  • Średni wynik to 9 z 15

Statystyki odpowiedzi

ZagadnienieOdpowiedź% Poprawnych
Jak ma na imię FrizKarol Wiśniewski
100%
Jak ma na imię narzeczona friza (imię i nazwisko0Weronika Sowa
94%
Pierwszymi czterema członkami Ekipy byli.....Tromba,Friz, Wujek Łuki, Mini Majk
79%
W pierwszym domu ekipy mieszkaliFriz, Wersow, Tromba, Marcysia, Mini Majk, Mixer, Murcix, Poczciwy Krzychu, Wujek Łuki, Fusialka
71%
najpopularniejszą piosenką Ekipy jest......3kipa
69%
Jak nazywa się ich spółkaEkipa Holding S.A
68%
Ile było sezonów Ekipy4
61%
W który roku założono ekipę ?2018
59%
Ile było domów ekipy ?2
55%
Najpopularniejszy film na kanale Ekipy, nie licząc piosenek byłPIERWSZY KONCERT EKIPY!
46%
Na czym polegały ostatnie filmy Daily Ekipy12 filmów w jeden dzień
40%
Jakim zwierzęciem był pierwszy zwierzak ekipy ?Byk/Dino
37%
Ile wzrostu ma Mini Majk1,31m
34%
Ile kanał Ekipy ma subskrybcji2,05 mln
33%
Ile Napad Na Bank ma wyświetleń ?30 mln
5%

Rozkład punktacji

Percentyl według liczby udzielonych odpowiedzi

Procent ludzi z każdym wynikiem

Twoja historia wyników

Nie rozwiązałeś tego quizu